000 00383nam a22001457a 4500
082 _a823
_bJES/M
100 _aJESTER, THE GOPAL
245 _a3-I-1THE MATCHLESS WITS
_bAMAR CHITRA KATHA
246 _a3-I-1THE MATCHLESS WITS
_bAMAR CHITRA KATHA
260 _aMUMBAI
_bAMAR CHITHRA KATHA PVT LTD
_c2018
300 _a32
520 _aSHORT STORY
650 _aSHORT STORY
942 _cBK
999 _c3366
_d3366